000 00715nam a2200229Ia 4500
001 8800
003 GE_BSU
008 181216s||||||||xx |||||||||||||| ||und||
040 _cGE_BSU
080 _a821.353.1–32
100 _aკაკაბაძე,მიხეილ
245 _aუკანასკნელი წვიმა
245 _bამბავი
245 _cრედ.ლ.გეგელია;მხატვ.თ. სამსონაძე
260 _aთბილისი
260 _bნაკადული
260 _c1965
300 _a99გვ.20სმ.
653 _aამბავი
653 _aუკანასკნელი წვიმა
942 _cBK
999 _c42109
_d42109